000 01509cam a2200145 4500500
005 20251214004328.0
041 _afre
042 _adc
100 1 0 _aLe Gac, Julie
_eauthor
700 1 0 _aPatin, Nicolas
_eauthor
245 0 0 _aLes guerres mondiales : Le désastre et le deuil 1914-1945
260 _bArmand Colin,
_c2022.
520 _aÉcrire l’histoire des deux guerres mondiales en un seul souffle, telle est l’ambition de cet ouvrage. En essayant de tirer le bilan du Centenaire 1914-1918 et du flot ininterrompu de publications concernant le second conflit mondial, cette synthèse se fonde sur un récit renouvelé des années 1914-1945. C’est d’abord une histoire globale des deux guerres qui ébranlèrent le monde, nourrie par des bibliographies en plusieurs langues et une attention particulière aux théâtres extra-européens ; c’est ensuite, une histoire populaire, qui tente, à travers de multiples sources inédites, de redonner la parole aux actrices et acteurs de ces guerres totales. Restituer la diversité des mobilisations des populations, l’ampleur des combats, l’ordinaire des souffrances, tout comme comprendre ce qui unit la séquence de violence de ce premier XXe siècle, est l’objectif de cette réflexion. Elle dessine le « désastre et le deuil », pour reprendre les mots de Winston Churchill, ce paysage tragique des années 1914-1945.
856 4 1 _uhttps://shs.cairn.info/guerres-mondiales--9782200628581?lang=fr&redirect-ssocas=7080
999 _c1568444
_d1568444